000 00375nam a2200145Ia 4500
008 230917s9999||||xx |||||||||||||| ||und||
040 _e66671
_aMAIN
041 _aEnglish
082 _a891.22 K125W
100 _aKalidasa
245 0 _aShakuntala; or the fatal ring: an Indian drama
260 _aDelhi
_bBharatiya
_c1979
300 _aiii, various pages p.
942 _cBK
999 _c206936
_d206936